| 000 | 00835nam a22002177i 4500 | ||
|---|---|---|---|
| 003 | URS | ||
| 005 | 20220114153541.0 | ||
| 008 | 190206b ||||| |||| 00| 0 eng d | ||
| 040 |
_beng _erda _cURS Pililla Library |
||
| 082 | 0 | 0 | _bFS BSBA FM84 2015 |
| 100 | 1 |
_aCastejon, Rowella A. _eresearcher |
|
| 245 | 1 | 0 |
_aProduction of lemongrass natural soap in Brgy. Plaza Aldea, Tanay, Rizal/ _cRowella A. Castejon |
| 300 |
_axv, 71 leaves; _c28 cm. |
||
| 336 |
_atext _btxt _2rdacontent |
||
| 337 |
_aunmediated _bn _2rdamedia |
||
| 338 |
_avolume _bnc _2rdacarrier |
||
| 502 |
_aUndergraduate Feasibility Study _bBachelor of Science in Business Administration Major in Financial Management _cUniversity of Rizal System Pililla |
||
| 700 | 1 |
_aMarindo II, Bienvenido S. _eresearcher |
|
| 700 | 1 |
_aSantos, Ma. Cecilia L. _eadviser |
|
| 942 |
_2ddc _cT |
||
| 999 |
_c8885 _d8885 |
||